000 01123nam a2200301 i 4500
003 EG-GICUC
005 20260420210558.0
008 260420s1990 |||d|||fr|||| 00| 0 Ara d
040 _a EG-GICUC
_bara
_c EG-GICUC
_d EG-GICUC
_erda
041 0 _aAra
082 0 4 _221
_a343.432
_bق ا
092 0 4 _221
099 _aLaw1 10 343.432 ق ا 1990
245 0 0 _aقانون المرور ولائحته التنفيذية والقرارات المكملة له.
264 1 _a[مكان النشر غير محدد] :
_b[الناشر غير محدد]،
_c1990.
300 _a316 صفحة :
_b؛جداول
_c24 سم.
336 _2rda content
_atext
337 _2rda media
_aComputer
338 _2rda carrier
_aOnline Resource
505 _aملحق العددين التاسع والعاشر السنة السبعون
546 _aالنص باللغة العربية
650 1 _aالتشريع الخاص بالمرور
_2qrmak
650 1 _aالقانون الجنائى
_2qrmak
651 1 _2qrmak
856 4 0 _uhttps://fll.law.cu.edu.eg/fulltext/bks/B10-09871.pdf
905 _a54
942 _2ddc
_cBK
_e21
_n0
999 _c72501
_d72501